Discographie Jolagreen23 - Statistiques

Statistiques générales
  • Ce quiz a été pris 191 fois
    175 depuis la dernière actualisation
  • Le résultat moyen est 22 sur 88
Statistiques - réponses
Projets Titre % Correct
+99XP 1.2.3 (2023VERSION)
78%
GOTY EDITION 300.000
68%
+99XP 4BULLDOG
65%
+99XP 360TRICKSHOT
59%
GOTY EDITION APPEL D'UN BRO
55%
RECHERCHE&DESTRUCTION OKC
55%
+99XP CRASH BANDICOOT
53%
GOTY EDITION GUTEN TAG
53%
RECHERCHE&DESTRUCTION 12HEURES MINUIT
52%
RECHERCHE&DESTRUCTION JOUR J
52%
+99XP STALINGRAD
51%
+99XP PUTAIN D'HIVER
50%
+99XP BRICK BY BRICK
48%
RECHERCHE&DESTRUCTION AIMBOT (2021VERSION)
47%
+99XP 800€
46%
RECHERCHE&DESTRUCTION GANGTAKA
46%
+99XP JOLLY ROGER
46%
+99XP LONGLIFE NICKY LARSON
46%
+99XP PLUS LE MÊME
46%
+99XP SLIDE
46%
RECHERCHE&DESTRUCTION 0.92
43%
+99XP ESSKE ?
41%
+99XP HELLCAT OU CAMARO
39%
23 727BOEING
36%
FEAT.Dinos, La Mano 1.9 D BLOCK AFRIQUE
36%
GOTY EDITION DEEPSEEK
35%
GOTY EDITION M4SHERMAN
35%
+99XP KEDOISJFAIRE ?
34%
GOTY EDITION 1RUE PHILIPPE DE METZ
33%
FEAT.Ziak Camion de glace
33%
888823 DALL-E
33%
RECHERCHE&DESTRUCTION DRAGON2KOMODO
33%
23 5008
32%
RECHERCHE&DESTRUCTION BBP (BROKE.BEFORE.PRIME)
32%
FEAT.Tiakola, .H.K FAST LIFE & FAMILLE
29%
RECHERCHE&DESTRUCTION MAYBACH F.L.O
29%
FEAT.Zed, Josman Malcom X
28%
RECHERCHE&DESTRUCTION C17
27%
RECHERCHE&DESTRUCTION JE CONNAIS LA PATIENCE
26%
888823 888
25%
FEAT.MITCH, 410 AM
25%
FEAT.410 Nicky Larson
25%
888823 W.A.R.
23%
23 M98B
22%
888823 333
21%
23 45RUE
20%
Single BILBAO
20%
RECHERCHE&DESTRUCTION DESPERATE BRIKLIFE...
20%
888823 BIG PANZER
19%
FEAT.Tarik Azzouz NADIR HIFI
18%
FEAT.B.B Jacques EXTRAMILES
15%
FEAT.Booska-P SILVER LAKE
15%
FEAT.Shaz, Alex Grox CAMP NOU
14%
23 HKP30
14%
Single 1001FT
13%
888823 823YODA
12%
23 AMAR'E STOUDEMIRE32
12%
FEAT.Le Règlement Creeper
11%
FEAT.KABBSKY CRY
11%
Single GOBI
9%
FEAT.410 Les Beaux-Arts
9%
Single RONDO9
9%
Single 3945
8%
FEAT.Skuna, 63OG,thaHomey,Sherifflazone, 8ruki ZUSHI REMIX
8%
Single COMME NORMAN
7%
FEAT.KABBSKY ONE TWO THREE
7%
FEAT.410 433
6%
Single DEFCON
6%
Single PGN
6%
FEAT.Raplume, Malo STEPH & DRAYMOND
6%
FEAT.Raplume, Kerchak, MITCH,KABBSKY, Buu, Ydasevic Bois-Colombes
5%
FEAT.410 23400
4%
Single 23ZERO
4%
FEAT. Label Blue Sky 30Glorieuses
4%
FEAT.410, Mitch, Diska LV
4%
FEAT.Raplume MADMAX1
4%
Single SIKORSKY
4%
FEAT.Skefre TG MILLAN
4%
FEAT.DC,Chiv, Blanco The Curb Europe
4%
FEAT.410 Wisconsin
4%
FEAT.410 9430
3%
FEAT.M Dutcha B.R.G.B
3%
FEAT.8ruki 888233!!
2%
FEAT.RD92 LA GREEN
2%
FEAT.KABBSKY OKOK
2%
FEAT.8ruki 23+10!!
1%
FEAT.MITCH GIGN
1%
FEAT.KABBSKY MAZENKO
1%
Aucun quiz correspondant
Distribution des résultats
% des personnes avec chaque résultat
Percentile par nombre de réponses
Votre historique - résultats
Vous n’avez pas pris ce quiz depuis la dernière actualisation